[Event "European Club Cup"]
[Site "chess24.com"]
[Date "2018.10.15"]
[Round "4"]
[White "Jessen, Alexander"]
[Black "Egan, Colm"]
[Result "0-1"]
[Board "6"]
[WhiteElo "2060"]
[WhiteCountry "DEN"]
[WhiteFideId "1437917"]
[WhiteEloChange "-17"]
[BlackElo "1729"]
[BlackCountry "IRL"]
[BlackFideId "2501732"]
[BlackEloChange "17"]

1. d4 {[%clk 1:30:57]} d6 {[%clk 1:30:54]} 2. c4 {[%clk 1:31:21]} e5 {[%clk
1:31:08]} 3. d5 {[%clk 1:25:56]} f5 {[%clk 1:31:06]} 4. Nc3 {[%clk 1:25:46]} Nf6
{[%clk 1:30:44]} 5. Nf3 {[%clk 1:24:53]} Be7 {[%clk 1:29:49]} 6. g3 {[%clk
1:21:37]} O-O {[%clk 1:28:40]} 7. Bg2 {[%clk 1:22:02]} Qe8 {[%clk 1:24:38]} 8. c5
{[%clk 1:06:41]} Na6 {[%clk 1:20:12]} 9. cxd6 {[%clk 1:05:31]} cxd6 {[%clk
1:18:41]} 10. a3 {[%clk 1:01:18]} Bd7 {[%clk 1:11:15]} 11. b4 {[%clk 0:56:21]}
Rc8 {[%clk 1:09:34]} 12. Bb2 {[%clk 0:56:05]} Bd8 {[%clk 1:07:23]} 13. Ng5 {[%clk
0:51:28]} Nc7 {[%clk 1:04:44]} 14. O-O {[%clk 0:43:13]} Be7 {[%clk 0:47:45]} 15.
Qb3 {[%clk 0:39:28]} Kh8 {[%clk 0:43:11]} 16. Ne6 {[%clk 0:35:05]} Nxe6 {[%clk
0:40:02]} 17. dxe6 {[%clk 0:35:30]} Bc6 {[%clk 0:39:57]} 18. Rfd1 {[%clk
0:27:07]} Bxg2 {[%clk 0:33:50]} 19. Kxg2 {[%clk 0:27:33]} f4 {[%clk 0:31:56]} 20.
f3 {[%clk 0:15:46]} fxg3 {[%clk 0:31:45]} 21. hxg3 {[%clk 0:14:52]} Nh5 {[%clk
0:21:26]} 22. Ne4 {[%clk 0:14:21]} Qg6 {[%clk 0:20:15]} 23. Rh1 {[%clk 0:11:46]}
Nf4+ {[%clk 0:19:53]} 24. Kf2 {[%clk 0:09:50]} Nxe6 {[%clk 0:19:35]} 25. Qd3
{[%clk 0:08:59]} Ng5 {[%clk 0:08:14]} 26. Nxg5 {[%clk 0:09:24]} Qxd3 {[%clk
0:08:33]} 27. exd3 {[%clk 0:09:37]} Rc2+ {[%clk 0:08:36]} 28. Ke1 {[%clk
0:09:05]} Bxg5 {[%clk 0:08:48]} 29. Rb1 {[%clk 0:08:19]} Rxf3 {[%clk 0:09:03]}
30. Rf1 {[%clk 0:07:50]} Rxf1+ {[%clk 0:06:38]} 31. Kxf1 {[%clk 0:08:16]} h5
{[%clk 0:06:34]} 32. Ba1 {[%clk 0:07:26]} Rc1+ {[%clk 0:04:58]} 33. Rxc1 {[%clk
0:07:49]} Bxc1 {[%clk 0:05:22]} 34. a4 {[%clk 0:07:44]} Kh7 {[%clk 0:05:21]} 35.
Ke2 {[%clk 0:05:15]} Kg6 {[%clk 0:04:58]} 36. b5 {[%clk 0:04:41]} b6 {[%clk
0:04:52]} 37. d4 {[%clk 0:02:57]} Kf5 {[%clk 0:05:09]} 38. Bc3 {[%clk 0:02:23]}
Ke4 {[%clk 0:05:14]} 39. dxe5 {[%clk 0:00:41]} dxe5 {[%clk 0:05:31]} 40. Bb4
{[%clk 0:30:37]} Kd5 {[%clk 0:30:56]} 41. Bf8 {[%clk 0:28:50]} g6 {[%clk
0:30:51]} 42. Kd3 {[%clk 0:25:18]} e4+ {[%clk 0:30:40]} 43. Kc3 {[%clk 0:24:31]}
Be3 {[%clk 0:30:32]} 44. Be7 {[%clk 0:15:16]} Bd4+ {[%clk 0:27:46]} 45. Kd2
{[%clk 0:15:22]} Kc4 {[%clk 0:26:19]} 46. Kc2 {[%clk 0:13:35]} Be5 {[%clk
0:26:15]} 47. Kd2 {[%clk 0:12:37]} Bxg3 {[%clk 0:25:29]} 48. Ke3 {[%clk 0:12:36]}
Kb3 {[%clk 0:25:30]} 49. Bc5 {[%clk 0:11:30]} bxc5 {[%clk 0:24:32]} 50. a5 {[%clk
0:11:53]} Bc7 {[%clk 0:23:01]} 51. a6 {[%clk 0:11:46]} c4 {[%clk 0:23:12]} 52.
Kd2 {[%clk 0:11:20]} Kb2 {[%clk 0:23:14]} 53. b6 {[%clk 0:11:41]} Bxb6 {[%clk
0:23:33]} 54. Kd1 {[%clk 0:11:39]} c3 {[%clk 0:23:49]} 55. Ke1 {[%clk 0:12:03]}
c2 {[%clk 0:24:08]} 56. Ke2 {[%clk 0:12:29]} g5 {[%clk 0:23:10]} 57. Kd2 {[%clk
0:12:39]} c1Q+ {[%clk 0:23:21]} 58. Ke2 {[%clk 0:13:01]} Qc2+ {[%clk 0:22:58]}
59. Ke1 {[%clk 0:13:19]} h4 {[%clk 0:23:13]} 0-1

[Event "European Club Cup"]
[Site "chess24.com"]
[Date "2018.10.15"]
[Round "4"]
[White "Noe, Christopher"]
[Black "Corvi, Marco"]
[Result "1-0"]
[Board "1"]
[WhiteElo "2530"]
[WhiteTitle "IM"]
[WhiteCountry "GER"]
[WhiteFideId "24692018"]
[WhiteEloChange "2"]
[BlackElo "2316"]
[BlackTitle "FM"]
[BlackCountry "ITA"]
[BlackFideId "801895"]
[BlackEloChange "-5"]

1. d4 {[%clk 1:30:56]} Nf6 {[%clk 1:30:55]} 2. c4 {[%clk 1:31:19]} g6 {[%clk
1:31:12]} 3. Nc3 {[%clk 1:31:43]} Bg7 {[%clk 1:31:26]} 4. e4 {[%clk 1:32:06]} d6
{[%clk 1:31:51]} 5. Nf3 {[%clk 1:32:32]} O-O {[%clk 1:32:06]} 6. Be2 {[%clk
1:32:58]} c5 {[%clk 1:32:10]} 7. d5 {[%clk 1:32:50]} e6 {[%clk 1:32:03]} 8. O-O
{[%clk 1:33:13]} Re8 {[%clk 1:30:48]} 9. dxe6 {[%clk 1:26:43]} Bxe6 {[%clk
1:30:59]} 10. Bf4 {[%clk 1:26:39]} Qb6 {[%clk 1:27:11]} 11. Qc2 {[%clk 0:57:19]}
Nc6 {[%clk 1:25:14]} 12. Rad1 {[%clk 0:57:43]} Rad8 {[%clk 1:11:28]} 13. Rfe1
{[%clk 0:41:19]} h6 {[%clk 1:05:07]} 14. h3 {[%clk 0:40:25]} a6 {[%clk 0:54:15]}
15. Be3 {[%clk 0:32:47]} Qa5 {[%clk 0:50:51]} 16. Qc1 {[%clk 0:32:10]} Kh7 {[%clk
0:50:45]} 17. Bf4 {[%clk 0:28:29]} Nd4 {[%clk 0:39:21]} 18. Nxd4 {[%clk 0:24:29]}
cxd4 {[%clk 0:39:37]} 19. Rxd4 {[%clk 0:24:22]} Nh5 {[%clk 0:37:57]} 20. Be3
{[%clk 0:19:30]} Nf4 {[%clk 0:36:49]} 21. Bf1 {[%clk 0:19:47]} g5 {[%clk
0:35:10]} 22. Rd2 {[%clk 0:17:58]} Be5 {[%clk 0:33:26]} 23. a3 {[%clk 0:14:05]}
Rc8 {[%clk 0:33:08]} 24. b4 {[%clk 0:14:28]} Qd8 {[%clk 0:31:16]} 25. Nd5 {[%clk
0:14:53]} Bxd5 {[%clk 0:24:37]} 26. exd5 {[%clk 0:15:09]} Qf6 {[%clk 0:23:50]}
27. Qc2+ {[%clk 0:15:35]} Kg7 {[%clk 0:22:21]} 28. Rc1 {[%clk 0:15:31]} h5 {[%clk
0:21:11]} 29. c5 {[%clk 0:13:49]} g4 {[%clk 0:20:07]} 30. c6 {[%clk 0:11:43]}
gxh3 {[%clk 0:18:50]} 31. g3 {[%clk 0:11:52]} Ng6 {[%clk 0:11:45]} 32. Bxh3
{[%clk 0:11:04]} Rc7 {[%clk 0:07:04]} 33. Qf5 {[%clk 0:07:38]} Qe7 {[%clk
0:03:59]} 34. Bb6 {[%clk 0:07:32]} h4 {[%clk 0:03:19]} 35. Bxc7 {[%clk 0:06:16]}
Qxc7 {[%clk 0:03:05]} 36. Qd7 {[%clk 0:06:05]} Qb6 {[%clk 0:03:03]} 37. Qxe8
{[%clk 0:06:29]} hxg3 {[%clk 0:03:27]} 38. c7 {[%clk 0:06:24]} gxf2+ {[%clk
0:03:54]} 39. Rxf2 {[%clk 0:04:22]} Bg3 {[%clk 0:01:39]} 40. Qxf7+ {[%clk
0:34:42]} Kh6 {[%clk 0:31:27]} 41. c8Q {[%clk 0:35:01]} 1-0

[Event "European Club Cup"]
[Site "chess24.com"]
[Date "2018.10.15"]
[Round "4"]
[White "Ferraro, Pietro"]
[Black "Drzasga, Michael"]
[Result "1-0"]
[Board "4"]
[WhiteElo "1951"]
[WhiteCountry "ITA"]
[WhiteFideId "839981"]
[WhiteEloChange "13"]
[BlackElo "2042"]
[BlackCountry "GER"]
[BlackFideId "4623568"]
[BlackEloChange "-13"]

1. e4 {[%clk 1:30:49]} e6 {[%clk 1:30:38]} 2. d4 {[%clk 1:30:19]} d5 {[%clk
1:31:02]} 3. exd5 {[%clk 1:28:49]} exd5 {[%clk 1:31:24]} 4. Nf3 {[%clk 1:28:49]}
Bd6 {[%clk 1:31:21]} 5. Bd3 {[%clk 1:26:01]} Ne7 {[%clk 1:31:42]} 6. O-O {[%clk
1:24:26]} f6 {[%clk 1:30:53]} 7. Nh4 {[%clk 1:15:16]} Be6 {[%clk 1:13:20]} 8. Re1
{[%clk 1:15:13]} Qd7 {[%clk 1:05:49]} 9. f4 {[%clk 1:09:42]} Bg4 {[%clk 1:04:59]}
10. Qd2 {[%clk 1:07:41]} Nc6 {[%clk 1:02:26]} 11. h3 {[%clk 1:01:05]} Nxd4 {[%clk
0:50:05]} 12. hxg4 {[%clk 0:46:03]} Qxg4 {[%clk 0:48:37]} 13. Qf2 {[%clk
0:40:44]} g5 {[%clk 0:42:04]} 14. Qxd4 {[%clk 0:32:22]} Qxh4 {[%clk 0:40:57]} 15.
Qf2 {[%clk 0:29:55]} Qg4 {[%clk 0:38:24]} 16. Be2 {[%clk 0:27:48]} Qd7 {[%clk
0:32:18]} 17. Bh5+ {[%clk 0:27:19]} Kd8 {[%clk 0:30:58]} 18. Be3 {[%clk 0:24:45]}
g4 {[%clk 0:29:04]} 19. Qh4 {[%clk 0:23:56]} c6 {[%clk 0:25:04]} 20. Bxg4 {[%clk
0:22:52]} f5 {[%clk 0:24:35]} 21. Bh5 {[%clk 0:20:58]} c5 {[%clk 0:23:35]} 22.
Bd2 {[%clk 0:20:09]} Kc7 {[%clk 0:23:51]} 23. Nc3 {[%clk 0:20:06]} d4 {[%clk
0:23:06]} 24. Nb5+ {[%clk 0:15:48]} Qxb5 {[%clk 0:23:24]} 25. Rxe7+ {[%clk
0:16:12]} Bxe7 {[%clk 0:19:47]} 26. Qxe7+ {[%clk 0:16:21]} Kb6 {[%clk 0:16:47]}
27. Re1 {[%clk 0:16:23]} a6 {[%clk 0:15:05]} 28. b4 {[%clk 0:13:13]} Rac8 {[%clk
0:14:46]} 29. Re5 {[%clk 0:13:08]} Ka7 {[%clk 0:13:30]} 30. a4 {[%clk 0:11:24]}
Qxa4 {[%clk 0:13:33]} 31. Bf3 {[%clk 0:11:41]} Qb5 {[%clk 0:11:06]} 32. Be2
{[%clk 0:09:27]} Qe8 {[%clk 0:09:29]} 33. Qh4 {[%clk 0:08:36]} Qf8 {[%clk
0:08:22]} 34. bxc5 {[%clk 0:08:30]} Rxc5 {[%clk 0:03:11]} 35. Bb4 {[%clk
0:07:18]} Rxe5 {[%clk 0:03:30]} 36. Bxf8 {[%clk 0:07:33]} Rxe2 {[%clk 0:03:56]}
37. Qd8 {[%clk 0:05:37]} b6 {[%clk 0:02:01]} 38. Qf6 {[%clk 0:04:46]} Rxf8 {[%clk
0:02:05]} 39. Qxf8 {[%clk 0:05:01]} Rxc2 {[%clk 0:02:31]} 40. Qg7+ {[%clk
0:34:01]} Kb8 {[%clk 0:32:27]} 41. Qxd4 {[%clk 0:33:43]} Rc5 {[%clk 0:32:09]} 42.
Qh8+ {[%clk 0:30:24]} Kb7 {[%clk 0:32:00]} 43. Qxh7+ {[%clk 0:30:42]} Kc6 {[%clk
0:32:23]} 44. Qh3 {[%clk 0:30:23]} a5 {[%clk 0:32:37]} 45. Qf3+ {[%clk 0:29:51]}
Kd6 {[%clk 0:31:40]} 46. g4 {[%clk 0:29:06]} fxg4 {[%clk 0:31:41]} 47. Qxg4
{[%clk 0:29:06]} a4 {[%clk 0:28:22]} 48. Qd1+ {[%clk 0:28:49]} Ke6 {[%clk
0:28:39]} 49. Qxa4 {[%clk 0:28:58]} Kf5 {[%clk 0:28:53]} 50. Qb4 {[%clk 0:29:05]}
Kg4 {[%clk 0:26:23]} 51. Qxb6 {[%clk 0:26:26]} Rf5 {[%clk 0:26:36]} 52. Kg2
{[%clk 0:26:11]} Kxf4 {[%clk 0:26:12]} 53. Qd4+ {[%clk 0:26:24]} Kg5 {[%clk
0:26:16]} 54. Kg3 {[%clk 0:26:40]} Rf6 {[%clk 0:23:07]} 55. Qe5+ {[%clk 0:26:51]}
Kg6 {[%clk 0:23:09]} 56. Kg4 {[%clk 0:27:20]} Rf7 {[%clk 0:22:54]} 57. Qe6+
{[%clk 0:27:10]} Kg7 {[%clk 0:23:13]} 58. Kg5 {[%clk 0:26:41]} Rf8 {[%clk
0:22:49]} 59. Qg6+ {[%clk 0:25:52]} Kh8 {[%clk 0:23:02]} 60. Kh6 {[%clk 0:26:08]}
Rf7 {[%clk 0:23:12]} 61. Qe4 {[%clk 0:24:12]} Rf6+ {[%clk 0:22:31]} 62. Kg5
{[%clk 0:24:27]} Rf7 {[%clk 0:21:48]} 63. Kg6 {[%clk 0:22:49]} Rg7+ {[%clk
0:18:28]} 64. Kh6 {[%clk 0:22:26]} Rg6+ {[%clk 0:17:40]} 65. Kxg6 {[%clk
0:22:51]} Kg8 {[%clk 0:18:06]} 66. Qe8# {[%clk 0:23:17]} 1-0

[Event "European Club Cup"]
[Site "chess24.com"]
[Date "2018.10.16"]
[Round "5"]
[White "Jakovenko, Dmitry"]
[Black "Granda Zuniga, Julio E"]
[Result "1/2-1/2"]
[Board "4"]
[WhiteElo "2752"]
[WhiteTitle "GM"]
[WhiteCountry "RUS"]
[WhiteFideId "4122356"]
[WhiteEloChange "-2"]
[BlackElo "2641"]
[BlackTitle "GM"]
[BlackCountry "PER"]
[BlackFideId "3800024"]
[BlackEloChange "2"]

1. e4 {[%clk 1:27:12]} c6 {[%clk 1:29:58]} 2. d4 {[%clk 1:25:01]} d5 {[%clk
1:30:20]} 3. e5 {[%clk 1:25:28]} c5 {[%clk 1:27:16]} 4. dxc5 {[%clk 1:25:41]} Nc6
{[%clk 1:26:50]} 5. Bb5 {[%clk 1:23:58]} e6 {[%clk 1:26:51]} 6. Be3 {[%clk
1:24:14]} Ne7 {[%clk 1:26:56]} 7. c3 {[%clk 1:22:24]} Bd7 {[%clk 1:21:47]} 8.
Bxc6 {[%clk 1:22:41]} Nxc6 {[%clk 1:21:16]} 9. f4 {[%clk 1:20:29]} Qc7 {[%clk
0:58:45]} 10. Nf3 {[%clk 1:13:12]} Na5 {[%clk 0:56:39]} 11. b4 {[%clk 1:10:54]}
Nc4 {[%clk 0:56:20]} 12. Bd4 {[%clk 1:10:46]} b6 {[%clk 0:55:45]} 13. cxb6 {[%clk
1:10:43]} axb6 {[%clk 0:56:11]} 14. O-O {[%clk 1:10:17]} Be7 {[%clk 0:55:32]} 15.
Nfd2 {[%clk 1:00:50]} O-O {[%clk 0:50:06]} 16. Nxc4 {[%clk 1:00:09]} dxc4 {[%clk
0:50:17]} 17. Nd2 {[%clk 1:00:06]} Rfd8 {[%clk 0:48:48]} 18. Qe2 {[%clk 0:58:35]}
b5 {[%clk 0:48:41]} 19. Ne4 {[%clk 0:54:00]} Bc6 {[%clk 0:48:27]} 20. f5 {[%clk
0:53:21]} exf5 {[%clk 0:43:58]} 21. Rxf5 {[%clk 0:45:10]} Rxd4 {[%clk 0:43:16]}
22. cxd4 {[%clk 0:45:36]} Qd7 {[%clk 0:43:41]} 23. Rff1 {[%clk 0:43:11]} Qxd4+
{[%clk 0:43:53]} 24. Nf2 {[%clk 0:43:36]} Qd5 {[%clk 0:43:38]} 25. Nh3 {[%clk
0:35:01]} Bxb4 {[%clk 0:39:46]} 26. Ng5 {[%clk 0:33:20]} Qd2 {[%clk 0:29:32]} 27.
Qg4 {[%clk 0:27:05]} h5 {[%clk 0:28:29]} 28. Qg3 {[%clk 0:27:33]} h4 {[%clk
0:14:08]} 29. Qg4 {[%clk 0:27:59]} Be7 {[%clk 0:14:26]} 30. Nf3 {[%clk 0:18:02]}
Qd7 {[%clk 0:07:29]} 31. Qxd7 {[%clk 0:14:26]} Bxd7 {[%clk 0:07:57]} 32. Rfd1
{[%clk 0:14:40]} Bf5 {[%clk 0:06:42]} 33. Nd4 {[%clk 0:11:30]} Bg4 {[%clk
0:06:32]} 34. Nxb5 {[%clk 0:08:11]} Bxd1 {[%clk 0:05:50]} 35. Rxd1 {[%clk
0:08:39]} Rxa2 {[%clk 0:06:11]} 36. Kf1 {[%clk 0:08:45]} Bc5 {[%clk 0:05:44]} 37.
Rd8+ {[%clk 0:08:56]} Kh7 {[%clk 0:05:53]} 38. Rc8 {[%clk 0:09:23]} Be3 {[%clk
0:04:15]} 39. Rxc4 {[%clk 0:09:45]} g5 {[%clk 0:04:32]} 40. Re4 {[%clk 0:37:51]}
Bf4 {[%clk 0:33:45]} 41. g3 {[%clk 0:32:54]} hxg3 {[%clk 0:32:51]} 42. hxg3
{[%clk 0:33:21]} Bxg3 {[%clk 0:33:16]} 43. e6 {[%clk 0:33:47]} fxe6 {[%clk
0:33:31]} 44. Rxe6 {[%clk 0:34:13]} 1/2-1/2

[Event "European Club Cup"]
[Site "chess24.com"]
[Date "2018.10.16"]
[Round "5"]
[White "Ragger, Markus"]
[Black "Mikhalevski, Victor"]
[Result "1/2-1/2"]
[Board "5"]
[WhiteElo "2690"]
[WhiteTitle "GM"]
[WhiteCountry "AUT"]
[WhiteFideId "1610856"]
[WhiteEloChange "-2"]
[BlackElo "2565"]
[BlackTitle "GM"]
[BlackCountry "ISR"]
[BlackFideId "2801914"]
[BlackEloChange "2"]

1. e4 {[%clk 1:30:57]} e5 {[%clk 1:30:49]} 2. Nf3 {[%clk 1:31:25]} Nc6 {[%clk
1:31:13]} 3. Bc4 {[%clk 1:31:49]} Bc5 {[%clk 1:31:25]} 4. c3 {[%clk 1:32:02]} Nf6
{[%clk 1:31:49]} 5. d3 {[%clk 1:32:28]} O-O {[%clk 1:32:07]} 6. O-O {[%clk
1:32:45]} d5 {[%clk 1:32:18]} 7. exd5 {[%clk 1:33:11]} Nxd5 {[%clk 1:32:45]} 8.
a4 {[%clk 1:33:35]} a5 {[%clk 1:32:58]} 9. Re1 {[%clk 1:32:22]} Bg4 {[%clk
1:33:05]} 10. Nbd2 {[%clk 1:32:10]} Nb6 {[%clk 1:32:58]} 11. Bb5 {[%clk 1:32:11]}
Bd6 {[%clk 1:33:11]} 12. Ne4 {[%clk 1:32:22]} Na7 {[%clk 1:33:03]} 13. h3 {[%clk
1:29:26]} Bh5 {[%clk 1:32:22]} 14. d4 {[%clk 1:29:31]} Nxb5 {[%clk 1:31:53]} 15.
axb5 {[%clk 1:29:46]} f6 {[%clk 1:31:52]} 16. Be3 {[%clk 1:22:43]} Nc4 {[%clk
1:27:34]} 17. Qa4 {[%clk 1:18:50]} Bf7 {[%clk 1:19:11]} 18. dxe5 {[%clk 1:03:58]}
Bxe5 {[%clk 1:18:50]} 19. Nxe5 {[%clk 0:52:03]} Nxe5 {[%clk 1:02:54]} 20. Rad1
{[%clk 0:41:35]} Qc8 {[%clk 1:02:29]} 21. b3 {[%clk 0:38:14]} Rd8 {[%clk
0:31:24]} 22. Rxd8+ {[%clk 0:38:14]} Qxd8 {[%clk 0:31:24]} 23. Bd4 {[%clk
0:38:14]} Qd5 {[%clk 0:27:42]} 24. Bxe5 {[%clk 0:26:02]} Qxe5 {[%clk 0:27:28]}
25. Re3 {[%clk 0:26:17]} b6 {[%clk 0:20:29]} 26. Ng3 {[%clk 0:23:27]} Qd5 {[%clk
0:18:16]} 27. Qg4 {[%clk 0:19:41]} Rd8 {[%clk 0:17:48]} 28. Kh2 {[%clk 0:16:23]}
h5 {[%clk 0:15:20]} 29. Qf4 {[%clk 0:12:45]} Qd6 {[%clk 0:15:44]} 30. Qxd6 {[%clk
0:10:32]} cxd6 {[%clk 0:13:20]} 31. Re7 {[%clk 0:08:17]} Bxb3 {[%clk 0:12:55]}
32. Ra7 {[%clk 0:08:45]} Be6 {[%clk 0:10:47]} 33. Ra6 {[%clk 0:05:05]} Rb8 {[%clk
0:10:11]} 34. Ra7 {[%clk 0:05:17]} h4 {[%clk 0:04:47]} 35. Ne2 {[%clk 0:05:31]}
Bd5 {[%clk 0:04:34]} 36. Nd4 {[%clk 0:01:09]} Rb7 {[%clk 0:04:26]} 37. Ra6 {[%clk
0:01:19]} Bc4 {[%clk 0:02:46]} 38. g3 {[%clk 0:01:16]} hxg3+ {[%clk 0:02:50]} 39.
Kxg3 {[%clk 0:01:42]} Kf7 {[%clk 0:02:51]} 40. h4 {[%clk 0:31:53]} d5 {[%clk
0:31:46]} 41. Kf4 {[%clk 0:29:38]} Kg6 {[%clk 0:20:43]} 42. Kg4 {[%clk 0:28:00]}
Bd3 {[%clk 0:16:16]} 43. f3 {[%clk 0:25:21]} Kh6 {[%clk 0:11:50]} 44. h5 {[%clk
0:20:17]} Rc7 {[%clk 0:03:56]} 45. Rxb6 {[%clk 0:08:51]} Rxc3 {[%clk 0:04:24]}
46. Rd6 {[%clk 0:09:17]} a4 {[%clk 0:03:27]} 47. b6 {[%clk 0:09:26]} Rc4 {[%clk
0:03:41]} 48. Rxd5 {[%clk 0:09:46]} Rb4 {[%clk 0:04:06]} 49. Rd8 {[%clk 0:10:01]}
g6 {[%clk 0:03:21]} 50. hxg6 {[%clk 0:09:38]} a3 {[%clk 0:03:14]} 51. Kf4 {[%clk
0:06:05]} a2 {[%clk 0:01:47]} 52. Ra8 {[%clk 0:06:34]} Rxd4+ {[%clk 0:02:04]} 53.
Ke3 {[%clk 0:07:03]} Rd7 {[%clk 0:01:40]} 54. b7 {[%clk 0:06:03]} Rxb7 {[%clk
0:02:09]} 55. Kxd3 {[%clk 0:06:30]} Rb2 {[%clk 0:02:35]} 56. Ke4 {[%clk 0:06:36]}
Kxg6 {[%clk 0:03:03]} 57. Kf4 {[%clk 0:06:53]} Rb4+ {[%clk 0:02:49]} 58. Kg3
{[%clk 0:07:13]} Rb2 {[%clk 0:03:17]} 59. Kf4 {[%clk 0:07:39]} Kf7 {[%clk
0:02:51]} 60. Kf5 {[%clk 0:07:54]} Rb5+ {[%clk 0:02:43]} 61. Kf4 {[%clk 0:08:18]}
Rb2 {[%clk 0:03:11]} 62. Kf5 {[%clk 0:08:46]} Ke7 {[%clk 0:03:02]} 63. Ra7+
{[%clk 0:08:38]} Kd6 {[%clk 0:03:32]} 64. Kxf6 {[%clk 0:09:01]} Rf2 {[%clk
0:03:56]} 65. Kg5 {[%clk 0:08:54]} Rg2+ {[%clk 0:03:57]} 66. Kf6 {[%clk 0:08:43]}
Rf2 {[%clk 0:01:02]} 67. Kg5 {[%clk 0:09:09]} Rg2+ {[%clk 0:00:52]} 68. Kf6
{[%clk 0:09:36]} Kc5 {[%clk 0:00:58]} 69. f4 {[%clk 0:09:53]} Kb4 {[%clk
0:01:22]} 70. f5 {[%clk 0:10:01]} Rc2 {[%clk 0:01:41]} 71. Kg6 {[%clk 0:09:28]}
Rg2+ {[%clk 0:01:56]} 72. Kh6 {[%clk 0:09:17]} Rh2+ {[%clk 0:02:16]} 73. Kg6
{[%clk 0:09:32]} Rg2+ {[%clk 0:02:41]} 74. Kh6 {[%clk 0:09:57]} Rf2 {[%clk
0:03:02]} 75. Kg6 {[%clk 0:10:21]} Kb3 {[%clk 0:03:22]} 76. f6 {[%clk 0:10:24]}
Kb2 {[%clk 0:03:42]} 77. f7 {[%clk 0:10:42]} a1Q {[%clk 0:04:09]} 78. Rxa1 {[%clk
0:11:08]} Kxa1 {[%clk 0:04:36]} 79. Kg7 {[%clk 0:11:35]} Rxf7+ {[%clk 0:05:01]}
80. Kxf7 {[%clk 0:12:02]} 1/2-1/2

[Event "European Club Cup"]
[Site "chess24.com"]
[Date "2018.10.16"]
[Round "5"]
[White "Fedoseev, Vladimir"]
[Black "Brunner, Lucas"]
[Result "1-0"]
[Board "3"]
[WhiteElo "2713"]
[WhiteTitle "GM"]
[WhiteCountry "RUS"]
[WhiteFideId "24130737"]
[WhiteEloChange "2"]
[BlackElo "2457"]
[BlackTitle "GM"]
[BlackCountry "SUI"]
[BlackFideId "1300024"]
[BlackEloChange "-2"]

1. e4 {[%clk 1:29:29]} c6 {[%clk 1:30:40]} 2. Nf3 {[%clk 1:28:14]} d5 {[%clk
1:30:23]} 3. Nc3 {[%clk 1:28:27]} Bg4 {[%clk 1:30:07]} 4. h3 {[%clk 1:28:46]} Bh5
{[%clk 1:29:59]} 5. exd5 {[%clk 1:27:53]} cxd5 {[%clk 1:30:16]} 6. Bb5+ {[%clk
1:28:10]} Nc6 {[%clk 1:30:02]} 7. g4 {[%clk 1:28:29]} Bg6 {[%clk 1:30:22]} 8. Ne5
{[%clk 1:28:52]} Rc8 {[%clk 1:28:16]} 9. d4 {[%clk 1:26:33]} e6 {[%clk 1:17:15]}
10. h4 {[%clk 1:26:43]} f6 {[%clk 1:02:58]} 11. Nxg6 {[%clk 1:27:06]} hxg6 {[%clk
1:03:16]} 12. g5 {[%clk 1:27:11]} Bb4 {[%clk 0:57:44]} 13. Bd2 {[%clk 1:17:05]}
Ne7 {[%clk 0:50:25]} 14. h5 {[%clk 1:11:12]} Kd7 {[%clk 0:37:59]} 15. Na4 {[%clk
0:58:37]} Bd6 {[%clk 0:27:48]} 16. Nc5+ {[%clk 0:56:00]} Bxc5 {[%clk 0:26:47]}
17. dxc5 {[%clk 0:56:25]} Rxh5 {[%clk 0:23:22]} 18. Rxh5 {[%clk 0:56:49]} gxh5
{[%clk 0:23:36]} 19. Qxh5 {[%clk 0:52:49]} Qh8 {[%clk 0:19:55]} 20. Qf3 {[%clk
0:52:16]} Nf5 {[%clk 0:17:40]} 21. O-O-O {[%clk 0:51:17]} Nd4 {[%clk 0:16:13]}
22. Qd3 {[%clk 0:51:27]} Nxb5 {[%clk 0:16:03]} 23. Qxb5 {[%clk 0:51:50]} Kc7
{[%clk 0:16:13]} 24. Qd3 {[%clk 0:49:25]} Kb8 {[%clk 0:15:53]} 25. Re1 {[%clk
0:48:17]} Ne5 {[%clk 0:12:28]} 26. Bf4 {[%clk 0:48:40]} Rxc5 {[%clk 0:12:32]} 27.
Qd4 {[%clk 0:48:45]} Qc8 {[%clk 0:09:44]} 28. Bxe5+ {[%clk 0:49:03]} fxe5 {[%clk
0:09:37]} 29. Qxe5+ {[%clk 0:49:29]} Ka8 {[%clk 0:09:09]} 30. c3 {[%clk 0:49:42]}
d4 {[%clk 0:07:00]} 31. Qxd4 {[%clk 0:50:07]} Rxg5 {[%clk 0:06:03]} 32. Rxe6
{[%clk 0:50:28]} a5 {[%clk 0:04:45]} 33. Rd6 {[%clk 0:50:38]} Qc5 {[%clk
0:04:55]} 34. Kd2 {[%clk 0:44:59]} Qxd4+ {[%clk 0:04:21]} 35. Rxd4 {[%clk
0:44:25]} Kb8 {[%clk 0:04:04]} 36. Rd7 {[%clk 0:44:03]} Ka7 {[%clk 0:02:18]} 37.
Ke3 {[%clk 0:35:52]} Kb6 {[%clk 0:01:46]} 38. f4 {[%clk 0:35:19]} Rb5 {[%clk
0:01:14]} 39. Rxg7 {[%clk 0:34:27]} Rxb2 {[%clk 0:01:38]} 40. f5 {[%clk 1:04:49]}
Rc2 {[%clk 0:30:49]} 41. f6 {[%clk 1:04:45]} Rxc3+ {[%clk 0:28:35]} 42. Ke4
{[%clk 1:05:11]} Rc1 {[%clk 0:20:36]} 43. Rg3 {[%clk 1:05:23]} Rc8 {[%clk
0:18:45]} 44. Rb3+ {[%clk 1:03:31]} Ka6 {[%clk 0:19:00]} 45. a4 {[%clk 1:03:54]}
b5 {[%clk 0:16:01]} 46. Rxb5 {[%clk 1:04:13]} Rc4+ {[%clk 0:16:18]} 47. Ke5
{[%clk 1:04:08]} Rxa4 {[%clk 0:16:31]} 48. Rb8 {[%clk 1:04:34]} 1-0